00786 2200253 4500001002100000005001700021008000500038020002200043035002400065040001200089082001000101084002000111100001600131245018600147250001100333260004200344300002800386650003600414700002200450850001200472990001600484990001600500990001600516YOGYA00000000009957920141013111124.0 ind a978-979-22-8298-6 0010-101300000000460 aYOPDYOG a910.2 aNUS 910.2 gag W aGAGAS ULUNG aWisata ziarah 90 destinasi wisata ziarah dan sejarah di Jogja Solo, Magelang, Semarang, CirebonbMasjid, Candi, gua, makam, kelenteng, situscGagas Ulung ; editor, Intarina Hardiman aCet. 1 aJakartabGramedia Pustaka Utamac2013 a241 hlm.bilus,c21 cm. aIndustri Pariwisata - Indonesia aIntarina Hardiman aYOPDYOG a1474/B.2013 a1475/B.2013 a1476/B.2013